| 000 | 01327nam a2200253Ia 4500 | ||
|---|---|---|---|
| 003 | Ost | ||
| 005 | 20260507075041.0 | ||
| 008 | 260507s9999||||xx |||||||||||||| ||und|| | ||
| 020 | _a9957110454 | ||
| 040 | _cfsecg | ||
| 041 | _aara | ||
| 082 | _a330 | ||
| 100 |
_aالوزني، خالد واصف _eمؤلف |
||
| 245 | 0 |
_aمبادئ الإقتصاد الكلي : _bبين النظرية والتطبيق / _c خالد واصف الوزني |
|
| 250 | _aطبعة 8 | ||
| 260 |
_aعمان: _bدار وائل للنشر, _c2006 |
||
| 300 |
_a402 صفحة؛ _bإيضاحات ؛ _c25 سم |
||
| 520 | _aعلم الاقتصاد،المشكلة الاقتصادية، السوق وآليات الطلب والعرض، الناتج المحلي الاجمالي، الطلب والعرض الكليان، الإستهلاك والادخار، الاستثمار، الدخل التوازني، التضخم والبطالة، التجارة الدولية، النقود والبنوك، السياسة المالية، سعر الصرف وميزان المدفوعات، التنمية الاقتصادية | ||
| 653 | _aالاستثمار | ||
| 653 | _aالاقتصاد كلي | ||
| 653 | _aالتنمية الاقتصادية | ||
| 700 |
_aالرفاعي، أحمد حسين _eمؤلف ثانوي |
||
| 942 | _cكتاب | ||
| 999 |
_c42514 _d42514 |
||